Statistics for Bandwagon Quiz - Pittsburgh Pirates

Click here to take the quiz!

General Stats

  • This quiz has been taken 9 times
  • The average score is 13 of 20

Answer Stats

HintAnswer% Correct
How many World Series titles do the Pirates have?5
100%
The Pirates' ballpark is situated along what river?Allegheny
100%
What Pirate won MVP in 2013?Andrew McCutchen
100%
Who do the Pirates play against in the "Pennsylvania Series"?Philadelphia Phillies
100%
In what ballpark do the Pirates play?PNC Park
100%
The Pirates' mascot is what animal?Parrot
89%
The MLB award for sportsmanship is named after what legendary Pirate?Roberto Clemente
89%
What legendary second baseman hit a home run to win the 1960 World Series?Bill Mazeroski
78%
What do the three sports teams in Pittsburgh all have in common?Colors
78%
What legendary hockey player brought his Stanley Cup to the Pirates' ballpark in 2016?Sidney Crosby
78%
Who is the owner and chairman of the Pirates?Bob Nutting
67%
A baseball card of what Pirate was, at the time, the most expensive baseball card in the world?Honus Wagner
67%
What is the name of the Pirates' Triple-A affiliate?Indianapolis Indians
67%
What left fielder was named World Series MVP in 1979?Willie Stargell
67%
Who currently manages the Pirates?Derek Shelton
56%
What pitcher won a Cy Young award as a Pirate in 1990?Doug Drabek
44%
What left fielder won Rookie of the Year as a Pirate in 2004?Jason Bay
44%
What pitcher leads the Pirates in all-time strikeouts?Bob Friend
0%
What is the name of the hot dog-like objects waved at players during Pirates games?Green Weenie
0%
What day of the year is famous for Pirates fans, as they won pivotal World Series games in both 1960 and 1971 during that day?October 13
0%

Score Distribution

Percentile by Number Answered

Percent of People with Each Score

Your Score History

You have not taken this quiz